| 000 | 00699nam a2200217Ia 4500 | ||
|---|---|---|---|
| 003 | GCL | ||
| 008 | 140319s9999 xx 000 0 ara d | ||
| 040 |
_aGCL / _cGCL |
||
| 082 | 0 | 4 |
_a338.63 _bع د |
| 100 | 1 | _aعلى عبدالرزاق حلبى | |
| 245 | 1 | 0 |
_aدراسات فى علم اجتماع الصناعة / _cعلى عبدالرزاق حلبى |
| 260 |
_a[S.N] : _bدار المعرفة الجامعية |
||
| 300 | _a382 ص | ||
| 490 | _a | ||
| 650 | 0 | 4 | _aالجوانب الاجتماعية |
| 650 | 0 | 4 | _aالصناعة |
| 650 | 0 | 4 | _aالاجتماع الصناعى |
| 650 | 0 | 4 | _aالعلاقات الصناعية |
| 650 | 0 | 4 | _aالادارة الصناعية |
| 942 |
_2ddc _cBK |
||
| 999 |
_c36174 _d36174 |
||